OurPlanet

Bibliographic Details
Format: Electronic Journal
Language:English
Published: Westport, Connecticut : Earth Action Network
Subjects:
Online Access:Full text available from Research Library: 06/06/2010 to 02/28/2011

MARC

LEADER 00000nas a2200000 i 4500
001 ssj0001096968
003 WaSeSS
005 20200512172242.0
006 m d
007 cr n
008 140103u20uuuuuuctue| p|s|||||| |0eng d
035 |a (WaSeSS)ssj0001096968 
040 |a WaSeSS  |b eng  |c WaSeSS  |d WaSeSS 
050 1 4 |a TD169 
245 0 0 |a OurPlanet  |h [electronic resource]. 
246 1 |a Our planet 
260 |a Westport, Connecticut :  |b Earth Action Network 
310 |a Biweekly 
506 |a License restrictions may limit access. 
588 |a Description based on: June 6, 2010; title from title screen (ProQuest, viewed Dec. 31, 2013). 
588 |a Latest issue consulted: February 1, 2011 (viewed Dec. 31, 2013). 
650 0 |a Environmental protection  |v Periodicals. 
650 0 |a Conservation of natural resources  |v Periodicals. 
655 0 |a Electronic journals. 
856 4 0 |z Full text available from Research Library: 06/06/2010 to 02/28/2011  |u https://search.proquest.com/publication/136122